000 00552nam a2200229Ia 4500
003 OSt
005 20221007082521.0
006 a|||||r|||| 00| 0
007 ta
008 221006b |||||||| |||| 00| 0 eng d
024 _a21,032
037 _cTextual
040 _aFLL
_cFLL
_beng
041 _2eng
_aeng
082 _aV2:2:9Z, M6
100 _aSubbarao G.C.
_9699131
245 0 _aIndian constitutional law
250 _a5th
260 _c1986
942 _hV2:2:9Z, M6
_cTEXL
_2CC
999 _c1166686
_d1166686